[Event "Hastings Challengers 1991/92"]
[Site "Hastings"]
[Date "1992.01.05"]
[Round "9"]
[White "Gofshtein, Leonid D"]
[Black "Gurevich, Ilya"]
[Result "0-1"]
[WhiteElo "2455"]
[BlackElo "2495"]
[PlyCount "124"]
[EventDate "1991.12.28"]
[EventType "swiss"]
[EventRounds "9"]
[EventCountry "ENG"]
[SourceTitle "BritBase"]
[Source "John Saunders"]
[SourceDate "2024.12.03"]
[SourceVersion "1"]
[SourceVersionDate "2024.12.03"]
[SourceQuality "1"]

1. e4 c5 2. Nf3 d6 3. d4 cxd4 4. Nxd4 Nf6 5. Nc3 a6 6. h3 e6 7. g4 d5 8. Bg2 Bb4 9. O-O O-O 10. e5 Nfd7 11. f4 Nc6 12. Nce2 Qc7 13. c3 Be7 14. g5 g6 15. h4 Re8 16. h5 Bf8 17. Be3 Bg7 18. Ng3 Na5 19. Bf2 b5 20. Rc1 Bb7 21. Re1 Nc4 22. b3 Ncb6 23. Nf1 Nc5 24. Nh2 Ne4 25. Be3 Nd7 26. Ng4 Rac8 27. Bh3 Kh8 28. hxg6 fxg6 29. Nf6 Bxf6 30. gxf6 Nf8 31. Nf3 h6 32. Rc2 Qf7 33. Bd4 Nh7 34. Nh2 h5 35. Nf3 Rg8 36. Re3 g5 37. fxg5 Nhxg5 38. Nxg5 Rxg5+ 39. Rg2 Rcg8 40. Rxg5 Nxg5 41. Kh2 h4 42. Bg4 Bc6 43. Bh5 Qh7 44. Qg4 Qh6 45. Qe2 b4 46. Bg4 bxc3 47. Rxc3 Ne4 48. Be3 Nxc3 49. Bxh6 Nxe2 50. f7 Nd4 51. Kh3 Be8 52. fxg8=Q+ Kxg8 53. Bg5 Bg6 54. Be3 Nc2 55. Bg5 Bf5 56. Bxf5 exf5 57. e6 Nd4 58. e7 Kf7 59. Kxh4 Nf3+ 60. Kh5 Nxg5 61. Kxg5 d4 62. Kf4 Kxe7 0-1

[Event "Hastings Challengers 1991/92"]
[Site "Hastings"]
[Date "1992.01.05"]
[Round "9"]
[White "Howell, James C"]
[Black "Suba, Mihai"]
[Result "1/2-1/2"]
[WhiteElo "2445"]
[BlackElo "2520"]
[PlyCount "129"]
[EventDate "1991.12.28"]
[EventType "swiss"]
[EventRounds "9"]
[EventCountry "ENG"]
[SourceTitle "BritBase"]
[Source "John Saunders"]
[SourceDate "2024.12.03"]
[SourceVersion "1"]
[SourceVersionDate "2024.12.03"]
[SourceQuality "1"]

1. e4 c5 2. Nf3 d6 3. d4 cxd4 4. Nxd4 Nf6 5. Nc3 e6 6. g4 h6 7. h4 Nc6 8. Rg1 h5 9. gxh5 Nxh5 10. Bg5 Qb6 11. Nb3 a6 12. Be2 g6 13. Qd2 Bd7 14. Rg2 Qc7 15. O-O-O b5 16. a3 Rc8 17. Kb1 Ne5 18. Qd4 Rh7 19. f4 Nc4 20. Bxh5 Rxh5 21. Re2 Nxa3+ 22. Ka2 Qc4 23. Qa7 b4 24. Rd4 Nb5 25. Rxc4 Nxa7 26. Rxb4 Be7 27. Rb7 Nb5 28. Nxb5 axb5 29. e5 Bxg5 30. hxg5 dxe5 31. Rxe5 Ra8+ 32. Kb1 Rh1+ 33. Nc1 Ra4 34. b3 Rxf4 35. Kb2 Rf5 36. Nd3 Rg1 37. Rxf5 exf5 38. Nc5 Bc8 39. Rxb5 Rxg5 40. Ne4 Rg2 41. Nd6+ Kd7 42. Nxf7 Ke7 43. Ne5 f4 44. Rb4 g5 45. Ng6+ Kf6 46. Nxf4 gxf4 47. Rxf4+ Bf5 48. Rc4 Be6 49. Rd4 Ke5 50. Kc3 Bd5 51. Rd2 Rg4 52. Kb2 Rh4 53. Ka3 Ke4 54. Kb2 Rh5 55. Re2+ Kf3 56. Rd2 Be4 57. Rd8 Rc5 58. c4 Ke3 59. Kc3 Rh5 60. b4 Rh1 61. b5 Rc1+ 62. Kb4 Bd3 63. Rxd3+ Kxd3 64. b6 Kd4 65. Kb5 1/2-1/2

[Event "Hastings Challengers 1991/92"]
[Site "Hastings"]
[Date "1992.01.05"]
[Round "9"]
[White "Jackson, Oliver A"]
[Black "Parker, Jonathan F"]
[Result "0-1"]
[WhiteElo "2345"]
[BlackElo "2335"]
[PlyCount "64"]
[EventDate "1991.12.28"]
[EventType "swiss"]
[EventRounds "9"]
[EventCountry "ENG"]
[SourceTitle "BritBase"]
[Source "John Saunders"]
[SourceDate "2024.12.03"]
[SourceVersion "1"]
[SourceVersionDate "2024.12.03"]
[SourceQuality "1"]

1. e4 c5 2. Nc3 Nc6 3. f4 g6 4. Nf3 Bg7 5. Bb5 Nd4 6. a4 a6 7. Bc4 e6 8. d3 Ne7 9. Nxd4 cxd4 10. Ne2 d5 11. Bb3 dxe4 12. dxe4 Qb6 13. a5 Qc5 14. Ba4+ Nc6 15. Bd2 O-O 16. Nc1 b5 17. axb6 Qxb6 18. Nd3 a5 19. O-O Nb4 20. Nxb4 axb4 21. Kh1 Ba6 22. Rf3 Bb5 23. Bxb5 Rxa1 24. Qxa1 Qxb5 25. Qe1 Rc8 26. f5 Rxc2 27. fxe6 fxe6 28. Qh4 h5 29. Qe1 Rxb2 30. g4 hxg4 31. Rg3 Qc4 32. Rxg4 Qd3 0-1

[Event "Hastings Challengers 1991/92"]
[Site "Hastings"]
[Date "1992.01.05"]
[Round "9"]
[White "Janovsky, Sergey"]
[Black "Timoscenko, Gennadij A"]
[Result "0-1"]
[WhiteElo "2425"]
[BlackElo "2505"]
[PlyCount "68"]
[EventDate "1991.12.28"]
[EventType "swiss"]
[EventRounds "9"]
[EventCountry "ENG"]
[SourceTitle "BritBase"]
[Source "John Saunders"]
[SourceDate "2024.12.03"]
[SourceVersion "1"]
[SourceVersionDate "2024.12.03"]
[SourceQuality "1"]

1. e4 c5 2. Nf3 d6 3. d4 cxd4 4. Nxd4 Nf6 5. Nc3 a6 6. Bc4 e6 7. Bb3 Nbd7 8. f4 Nc5 9. e5 Nfd7 10. exd6 Nf6 11. Be3 Bxd6 12. Qf3 Bd7 13. O-O-O Qc7 14. g4 Nxb3+ 15. axb3 O-O-O 16. g5 Nd5 17. Nxd5 exd5 18. Kb1 Rhe8 19. Rd3 Kb8 20. Qxd5 Bxf4 21. Bxf4 Qxf4 22. Qa5 Rc8 23. h4 Qe4 24. Rhd1 Bg4 25. Rg1 Rxc2 26. Kxc2 Rc8+ 27. Qc3 Bh5 28. Qxc8+ Kxc8 29. Kc3 Bg6 30. Rdg3 Qxh4 31. b4 Qf4 32. Rf3 Qe5 33. Rgg3 Be4 34. Re3 a5 0-1

[Event "Hastings Challengers 1991/92"]
[Site "Hastings"]
[Date "1992.01.05"]
[Round "9"]
[White "Mestel, A Jonathan"]
[Black "Ansell, Simon T"]
[Result "1-0"]
[WhiteElo "2520"]
[BlackElo "2255"]
[PlyCount "71"]
[EventDate "1991.12.28"]
[EventType "swiss"]
[EventRounds "9"]
[EventCountry "ENG"]
[SourceTitle "BritBase"]
[Source "John Saunders"]
[SourceDate "2024.12.03"]
[SourceVersion "1"]
[SourceVersionDate "2024.12.03"]
[SourceQuality "1"]

1. c4 Nf6 2. Nc3 c5 3. e4 d6 4. Nge2 g6 5. d4 cxd4 6. Nxd4 Bg7 7. Be2 O-O 8. O-O Nc6 9. Be3 Bd7 10. Qd2 Ng4 11. Bxg4 Bxg4 12. f4 Be6 13. b3 Qa5 14. f5 Bd7 15. Rac1 Rfe8 16. Qf2 Nxd4 17. Bxd4 Bxd4 18. Qxd4 Bc6 19. Kh1 Rac8 20. Rf3 Qc5 21. Qd2 Qe5 22. Rcf1 Qg7 23. Qf2 b6 24. Nd5 Bxd5 25. exd5 Rf8 26. f6 exf6 27. Rxf6 Rcd8 28. Qf4 Rd7 29. Rxd6 Rxd6 30. Qxd6 Qb2 31. Qe7 Qxa2 32. d6 Qxb3 33. d7 Qd3 34. Re1 Qd2 35. h3 Ra8 36. Rf1 1-0

[Event "Hastings Challengers 1991/92"]
[Site "Hastings"]
[Date "1992.01.05"]
[Round "9"]
[White "Neverov, Valeriy"]
[Black "Crouch, Colin S"]
[Result "0-1"]
[WhiteElo "2540"]
[BlackElo "2365"]
[Annotator "Crouch, Colin"]
[PlyCount "106"]
[EventDate "1991.12.28"]
[EventType "swiss"]
[EventRounds "9"]
[EventCountry "ENG"]
[SourceTitle "BritBase"]
[Source "John Saunders"]
[SourceDate "2024.12.03"]
[SourceVersion "1"]
[SourceVersionDate "2024.12.03"]
[SourceQuality "1"]

1. d4 d5 2. c4 e6 3. Nc3 Nf6 4. Bg5 dxc4 $5 {It is strange that this very natural capture has been more or less completely neglected by theory. As far as I can see, it gives Black a highly satisfactory game; g5 is not necessarily a good square for the bishop in the Queen’s Gambit Accepted.} 5. e4 (5. e3 {is more solid.}) 5... c5 $1 6. d5 $6 ({The most aggressive move, but already a mistake. Safer was} 6. Nf3 cxd4 7. Nxd4 Be7 8. Ndb5 a6 9. Qxd8+ Kxd8 10. O-O-O+ Bd7 11. Nd6 Bxd6 12. Rxd6 Kc7 {with approximate equality, Timoshchenko- Crouch, Douai 1991.}) 6... Be7 $1 {Now the threat of ...Nxd5 is awkward.} 7. Bf4 ({After} 7. f4 exd5 8. e5 $2 (8. exd5 O-O 9. Bxc4 h6 $15) 8... d4 $1 9. exf6 gxf6 10. Ne4 fxg5 11. Bxc4 O-O 12. fxg5 b5 $1 13. Qf3 bxc4 14. Nf6+ Bxf6 15. gxf6 Qd6 $1 {Black was already winning in Raicevic-Blatny, European Club Cup 1989; the white centre is non-existent.}) 7... Nxe4 $1 ({Far stronger than Blatny’s suggested} 7... Qa5 {; Black gains three strong central pawns for the piece and is already better.}) 8. Nxe4 exd5 {Compare this with a system first played in Tal-Karolyi, Tbilisi 1986: 1 d4 d5 2 c4 dxc4 3 Nf3 c5 4 d5 Nf6 5 4 Nc3 e6 6 e4 Nxe4?! 7 Nxe4 exd5. Because of the wasted bishop move (Bg5-f4) Black is already a tempo up in the Crouch game. This tempo makes a big difference; in the Karolyi move order, after 8 Nc3 Be6 9 Ng5 Nc6 10 g3! Be7 11 Nxe6 fxe6 12 Bh3 Kf713 0-0 Nd4 14 Be3 Bf6 15 Ne2 Nxe2+ 16 Qxe2 Qe7 17 Rad1, Black’s pawn centre was under very severe pressure in Lukacs-Nemeth, Hungary 1987.} 9. Ng3 O-O 10. Nf3 Bf6 11. Qd2 Nc6 $2 ({A mistake after half an hour’s thought. Black is much too fascinated with his pawn centre and plays for a slow, too slow, grind. I should have played} 11... Qb6 $1 {with virtually a winning position already, for example} 12. Qxd5 (12. O-O-O Nc6) 12... Be6 13. Qd2 Qxb2 {(or maybe first 13...Rd8) with mayhem on the queenside. I completely underestimated the strength of this.}) 12. Be2 Bg4 13. O-O Bxf3 $2 ({A second weak move after which Black is worse. I should have advanced on the queenside with} 13... a5 {or 13...b5.}) 14. Bxf3 Nd4 15. Bg4 a5 ({Black takes a dislike to} 15... Ne6 16. Bxe6 $1 fxe6 17. Rfe1 {, with a pawn structure similar to the Lukacs-Nemeth game; after a timely Be5 White has pressure.}) 16. Nh5 a4 17. Rae1 Nc6 {An admission of failure, but the e5 square was weak.} 18. Re3 a3 $2 ({Better} 18... Bd4 $14 {Now White has a forced win.}) 19. Bc7 $1 Qxc7 20. Nxf6+ gxf6 21. Bf5 $1 ({Only way!} 21. Rg3 $2 Ne5 $1) ({or} 21. Rh3 Qe5 22. Qh6 Rfe8 {both hold.}) 21... Rfe8 (21... Ne5 22. Bxh7+ $1 Kxh7 (22... Kg7 23. Rh3 Ng4 24. Bf5) 23. Rh3+ Kg6 $1 24. f4 $1 Rh8 25. Rg3+ Kh7 26. fxe5 Qxe5 27. Rf4 {forces mate.}) 22. Rg3+ Kf8 23. Qh6+ Ke7 24. Re1+ Ne5 25. f4 Ra6 26. fxe5 fxe5 27. Qg5+ $2 ({White was in extreme time trouble after spending over an hour for his first eight moves.} 27. Qh4+ $1 {wins, for example} Rf6 (27... Kd6 28. Qf6+) (27... Kf8 28. Bxh7) 28. Rf3 Rd8 29. Ref1 Rdd6 30. Be6) 27... f6 28. Qh6 Kd8 29. Rg7 Re7 30. Rg8+ Re8 31. Rg7 Re7 32. Rg8+ Re8 33. Rxe8+ $2 {Wiser to take the draw. Curiously, three of my Hastings opponents lost to me after ignoring certain draws. Ketevan Arakhamia snatched a poisoned pawn in the endgame, much as in Spassky-Fischer, 1st match game 1972, and was furious with herself afterwards. I had to win the tournament to get her to speak to me again! Ilya Gurevich avoided a draw by repetition of moves four (!) times in the opening, and then went for a hazardous attack which lost. In either case, this was my opponent’s only loss of the tournament. And now a third time.} Kxe8 34. Bxh7 axb2 {?A position for the connoisseur of unusual pawn structures! One can deduce that Black has made at least five pawn captures. Furthermore, when White’s a- pawn and Black’s f-pawn disappear, there will be eight passed pawns on the board. The feature of real practical significance is that six of these passed pawns will be Black’s. As the next few moves will show, the black king is safe.} 35. Bg6+ Kd7 36. Qg7+ $6 (36. Bf5+ {keeps better piece coordination, and leaves the game unclear.}) 36... Kc6 $1 37. Qxf6+ Kb5 38. Qf5 Rxa2 39. h4 Ra1 40. Qf2 Ka6 $6 ({Overlooking White’s next move, but the position is still won.} 40... Rxe1+ 41. Qxe1 e4 {is simpler.}) 41. Bb1 Qa5 $1 {With the idea of ...Qc3 and ...Qc1.} 42. Qf1 Qd2 43. h5 Ka7 44. Rd1 Qe3+ 45. Kh1 c3 $6 (45... e4 $1 {, although} 46. Kh2 {is still tricky.}) 46. Qb5 e4 47. Kh2 Qf4+ 48. Kh3 $2 ({Losing quickly.} 48. Kh1 {gives Black a bit more to worry about, but} Qd6 {still looks good.}) 48... Qf5+ 49. Kh4 ({As there is nothing in} 49. g4 Qf3+ 50. Kh4 Qxd1 51. Qxc5+ Ka6) 49... d4 50. Bc2 Qf6+ 51. Kh3 Qb6 52. Qf1 Rxd1 53. Qxd1 d3 {A sadistic final position. (Sources: bulletin; CHESS, March 1992, p27)} 0-1

[Event "Hastings Challengers 1991/92"]
[Site "Hastings"]
[Date "1992.01.05"]
[Round "9"]
[White "Ruban, Vadim"]
[Black "Emms, John M"]
[Result "1-0"]
[WhiteElo "2575"]
[BlackElo "2425"]
[PlyCount "75"]
[EventDate "1991.12.28"]
[EventType "swiss"]
[EventRounds "9"]
[EventCountry "ENG"]
[SourceTitle "BritBase"]
[Source "John Saunders"]
[SourceDate "2024.12.03"]
[SourceVersion "1"]
[SourceVersionDate "2024.12.03"]
[SourceQuality "1"]

1. d4 Nf6 2. c4 e6 3. Nf3 c5 4. d5 d6 5. Nc3 exd5 6. cxd5 g6 7. e4 a6 8. a4 Bg4 9. Be2 Bxf3 10. Bxf3 Nbd7 11. O-O Bg7 12. Bf4 Qe7 13. Qd2 O-O 14. a5 h5 15. h3 Rab8 16. Ra2 Nh7 17. Re1 Rfe8 18. Be2 Bd4 19. Ra4 Nhf6 20. Bf1 Kh7 21. Bg3 Kg8 22. Kh2 b5 23. axb6 Nxb6 24. Rxd4 cxd4 25. Qxd4 Nbd7 26. Bxa6 h4 27. Bf4 Nh5 28. Bc1 Nc5 29. Bb5 Rec8 30. Qd1 Qf6 31. Be3 Nxe4 32. Nxe4 Qe5+ 33. Kg1 Rxb5 34. Bd4 Qf4 35. Bc3 Re8 36. Qa4 Reb8 37. Nf6+ Kf8 38. Qxb5 1-0

[Event "Hastings Challengers 1991/92"]
[Site "Hastings"]
[Date "1992.01.05"]
[Round "9"]
[White "Van Mil, Johan"]
[Black "Levitt, Jonathan P"]
[Result "1-0"]
[WhiteElo "2415"]
[BlackElo "2465"]
[PlyCount "95"]
[EventDate "1991.12.28"]
[EventType "swiss"]
[EventRounds "9"]
[EventCountry "ENG"]
[SourceTitle "BritBase"]
[Source "John Saunders"]
[SourceDate "2024.12.03"]
[SourceVersion "1"]
[SourceVersionDate "2024.12.03"]
[SourceQuality "1"]

1. e4 e6 2. d4 d5 3. Nc3 Bb4 4. Nge2 dxe4 5. a3 Bxc3+ 6. Nxc3 Nc6 7. Be3 Nf6 8. Qd2 Ne7 9. Bg5 Ned5 10. O-O-O a6 11. Bc4 Nxc3 12. Qxc3 Nd5 13. Qg3 f6 14. Bd2 O-O 15. Ba2 b5 16. f3 e3 17. Ba5 Bb7 18. Rhe1 f5 19. f4 Rf6 20. Bxd5 Bxd5 21. Qxe3 Bxg2 22. d5 Bxd5 23. Bc3 Rg6 24. Rg1 Qe8 25. Rxg6 hxg6 26. h4 Rd8 27. Rg1 Rd7 28. Rg5 Be4 29. b3 c5 30. Qxc5 Bf3 31. Rg3 Bg4 32. Kb2 Qe7 33. Qc8+ Rd8 34. Qxa6 Rd1 35. Qxb5 Qxh4 36. Qe8+ Kh7 37. Qf7 Qh6 38. Re3 e5 39. Bxe5 g5 40. Rc3 Qg6 41. Qb7 Re1 42. Rc6 Bf3 43. Rxg6 Bxb7 44. Rxg7+ Kh6 45. Rxb7 g4 46. Rf7 Rxe5 47. fxe5 g3 48. e6 1-0

[Event "Hastings U190 1991/92"]
[Site "Hastings"]
[Date "1991.12.??"]
[Round "?"]
[White "Pesonen, Erkki I"]
[Black "Hammond, Andrew JC"]
[Result "0-1"]
[WhiteElo "1920"]
[BlackElo "2104"]
[PlyCount "68"]
[EventDate "1991.12.28"]
[EventType "swiss"]
[EventRounds "9"]
[EventCountry "ENG"]
[SourceTitle "Denman Collection"]
[Source "Brian Denman"]
[SourceDate "2023.11.29"]
[SourceVersion "1"]
[SourceVersionDate "2023.11.29"]
[SourceQuality "1"]

1. d4 Nf6 2. c4 g6 3. Nc3 Bg7 4. e4 d6 5. f3 O-O 6. Be3 Nc6 7. Bd3 e5 8. Nge2 Ng4 9. Bg1 exd4 10. Nd5 Nge5 11. Rc1 Nxd3+ 12. Qxd3 Ne5 13. Qd2 c6 14. Nb4 Qa5 15. a3 c5 16. Nd5 Nd3+ 17. Kd1 Qxd2+ 18. Kxd2 Nxc1 19. Kxc1 Be6 20. Bf2 f5 21. Bh4 Bxd5 22. exd5 Rfe8 23. Kd2 Bh6+ 24. f4 Re4 25. Re1 Rae8 26. Bf2 Kf7 27. g3 g5 28. fxg5 Bxg5+ 29. Kd1 Be3 30. Rf1 Bh6 31. Ng1 d3 32. Be1 Re2 33. Bc3 Rc2 34. Rxf5+ Kg8 {Source: E I Pesonen (Brian Denman Collection)} 0-1

[Event "Hastings U190 1991/92"]
[Site "Hastings"]
[Date "1991.12.??"]
[Round "?"]
[White "Pesonen, Erkki I"]
[Black "Thompson, Ian D"]
[Result "1-0"]
[WhiteElo "1920"]
[BlackElo "2104"]
[PlyCount "113"]
[EventDate "1991.12.28"]
[EventType "swiss"]
[EventRounds "9"]
[EventCountry "ENG"]
[SourceTitle "Denman Collection"]
[Source "Brian Denman"]
[SourceDate "2023.11.29"]
[SourceVersion "1"]
[SourceVersionDate "2023.11.29"]
[SourceQuality "1"]

1. d4 e6 2. g3 c5 3. Nf3 Nf6 4. Bg2 d5 5. c4 Nc6 6. cxd5 exd5 7. O-O Be7 8. dxc5 Bxc5 9. Bg5 O-O 10. Nc3 Be6 11. Bxf6 Qxf6 12. Nxd5 Qxb2 13. Nc7 Rad8 14. Qc1 Qxc1 15. Raxc1 b6 16. Nxe6 fxe6 17. e3 Nb4 18. Ng5 Nxa2 19. Ra1 Rd2 20. Nxe6 Rf5 21. Bh3 Rf6 22. Rad1 Rxd1 23. Rxd1 Nb4 24. Rd7 a5 25. Rxg7+ Kh8 26. Rc7 Bf8 27. Rc8 Kg8 28. Rb8 a4 29. Nxf8 Rxf8 30. Rxb6 Nd3 31. Be6+ Kg7 32. Rb7+ Kg6 33. g4 Ne5 34. Bf5+ Kf6 35. f4 Nf3+ 36. Kf2 Nh4 37. Bxh7 a3 38. Ra7 Rf7 39. Ra6+ Kg7 40. Kg3 Kxh7 41. Kxh4 Re7 42. Rxa3 Kg6 43. f5+ Kf6 44. Ra6+ Kf7 45. Re6 Ra7 46. g5 Ra2 47. Kg3 Ra1 48. g6+ Kf8 49. h4 Rf1 50. e4 Rh1 51. Kg4 Rg1+ 52. Kh5 Rh1 53. f6 Ra1 54. Rd6 Ra8 55. Kh6 Kg8 56. Re6 Kf8 57. f7 {Source: E I Pesonen (Brian Denman Collection)} 1-0

[Event "Hastings U190 1991/92"]
[Site "Hastings"]
[Date "1992.01.??"]
[Round "?"]
[White "Pesonen, Erkki I"]
[Black "Wedlock, Stephen L"]
[Result "1-0"]
[WhiteElo "1920"]
[BlackElo "1760"]
[PlyCount "67"]
[EventDate "1991.12.28"]
[EventType "swiss"]
[EventRounds "9"]
[EventCountry "ENG"]
[SourceTitle "Denman Collection"]
[Source "Brian Denman"]
[SourceDate "2023.11.29"]
[SourceVersion "1"]
[SourceVersionDate "2023.11.29"]
[SourceQuality "1"]

1. d4 Nf6 2. c4 e6 3. g3 c5 4. Bg2 Be7 5. Nf3 d5 6. cxd5 exd5 7. dxc5 Qa5+ 8. Bd2 Qxc5 9. O-O Nc6 10. a3 O-O 11. Be3 Qa5 12. Nc3 Be6 13. Rc1 Rad8 14. Nd4 Ne5 15. Bf4 Nc4 16. Qb3 Rd7 17. Nxe6 fxe6 18. Bh3 Qa6 19. Qb5 Kf7 20. Qxa6 bxa6 21. e4 Nxb2 22. exd5 Nxd5 23. Nxd5 Rxd5 24. Rc6 Rd3 25. Bxe6+ Ke8 26. Rc8+ Rd8 27. Rc2 Na4 28. Re1 Nc5 29. Bc4 Nd3 30. Rxe7+ Kxe7 31. Bg5+ Rf6 32. Re2+ Kf8 33. Bxf6 gxf6 34. Rd2 {Source: E I Pesonen (Brian Denman Collection)} 1-0

[Event "Hastings U190 1991/92"]
[Site "Hastings"]
[Date "1992.01.??"]
[Round "?"]
[White "Pesonen, Erkki I"]
[Black "Holland, JR"]
[Result "1-0"]
[WhiteElo "1920"]
[BlackElo "1992"]
[PlyCount "71"]
[EventDate "1991.12.28"]
[EventType "swiss"]
[EventRounds "9"]
[EventCountry "ENG"]
[SourceTitle "Denman Collection"]
[Source "Brian Denman"]
[SourceDate "2023.11.29"]
[SourceVersion "1"]
[SourceVersionDate "2023.11.29"]
[SourceQuality "1"]

1. d4 g6 2. e4 Bg7 3. Bc4 d5 4. exd5 Nf6 5. Nf3 O-O 6. O-O Nxd5 7. c3 c6 8. Bg5 Nd7 9. Re1 N7f6 10. Bb3 Bg4 11. Nbd2 h6 12. Bh4 Nf4 13. Bg3 N6h5 14. Bxf4 Nxf4 15. Re4 g5 16. g3 Nh3+ 17. Kg2 Bf5 18. Re3 e6 19. Ne5 f6 20. Nd3 Kh8 21. Bxe6 Bxe6 22. Rxe6 g4 23. Qxg4 f5 24. Qg6 Ng5 25. Rd6 Qc7 26. Re1 Rg8 27. h4 Nf7 28. Rde6 Bxd4 29. Qxf5 Bxf2 30. Qxf2 Raf8 31. Nf4 Kh7 32. Ne4 Ne5 33. Ng5+ hxg5 34. R1xe5 Rxf4 35. Re7+ Rg7 36. Qc2+ {Source: E I Pesonen (Brian Denman Collection)} 1-0

[Event "Hastings U190 1991/92"]
[Site "Hastings"]
[Date "1992.01.??"]
[Round "?"]
[White "Costello, Colin A"]
[Black "Pesonen, Erkki I"]
[Result "1-0"]
[WhiteElo "2024"]
[BlackElo "1920"]
[PlyCount "59"]
[EventDate "1991.12.28"]
[EventType "swiss"]
[EventRounds "9"]
[EventCountry "ENG"]
[SourceTitle "Denman Collection"]
[Source "Brian Denman"]
[SourceDate "2023.11.29"]
[SourceVersion "1"]
[SourceVersionDate "2023.11.29"]
[SourceQuality "1"]

1. c4 f5 2. Nc3 Nf6 3. g3 g6 4. Bg2 Bg7 5. Nf3 O-O 6. O-O d6 7. d3 c6 8. Bg5 Be6 9. Qb3 Qc7 10. Rac1 Nbd7 11. Be3 h6 12. Qa3 Ng4 13. Bd4 Nge5 14. Be3 g5 15. Nd4 Rf6 16. Nxe6 Rxe6 17. b4 Ng4 18. Kh1 Be5 19. d4 f4 20. Bh3 h5 21. f3 Rh6 22. fxg4 hxg4 23. Bxg4 fxe3 24. dxe5 Nxe5 25. Rf5 Rf8 26. Rxg5+ Kh8 27. Ne4 Nxg4 28. Rxg4 d5 29. Qxe3 Rh7 30. cxd5 {Source: E I Pesonen (Brian Denman Collection)} 1-0

[Event "Hastings Xmas C 1991/92"]
[Site "Hastings"]
[Date "1991.12.28"]
[Round "1"]
[White "French, Joe"]
[Black "Ravilious, Chris P"]
[Result "1-0"]
[WhiteElo "1560"]
[BlackElo "1672"]
[PlyCount "21"]
[EventDate "1991.12.28"]
[EventType "swiss"]
[EventRounds "5"]
[EventCountry "ENG"]
[SourceTitle "Denman Collection"]
[Source "Brian Denman"]
[SourceDate "2023.11.29"]
[SourceVersion "1"]
[SourceVersionDate "2023.11.29"]
[SourceQuality "1"]

1. Nf3 g6 2. c4 Bg7 3. d4 d6 4. e4 Nd7 5. Nc3 e6 6. Bg5 Ne7 7. Qd2 h6 8. Bh4 O-O 9. e5 Re8 10. Ne4 f5 11. exf6 {Source: C P Ravilious (Brian Denman Collection)} 1-0

[Event "Hastings Xmas C 1991/92"]
[Site "Hastings"]
[Date "1991.12.29"]
[Round "2"]
[White "Ravilious, Chris P"]
[Black "Vann, Monica S"]
[Result "1-0"]
[WhiteElo "1672"]
[BlackElo "1552"]
[PlyCount "69"]
[EventDate "1991.12.28"]
[EventType "swiss"]
[EventRounds "5"]
[EventCountry "ENG"]
[SourceTitle "Denman Collection"]
[Source "Brian Denman"]
[SourceDate "2023.11.29"]
[SourceVersion "1"]
[SourceVersionDate "2023.11.29"]
[SourceQuality "1"]

1. g3 g6 2. Bg2 Bg7 3. c4 f5 4. d4 Nf6 5. Nc3 O-O 6. Nf3 d6 7. O-O Nc6 8. d5 Nb4 9. Re1 e5 10. a3 Na6 11. e4 fxe4 12. Nxe4 Nxe4 13. Rxe4 Nc5 14. Re3 Qf6 15. Qe2 Bg4 16. h3 Bd7 17. Nd2 Rae8 18. f3 Bh6 19. Rc3 Na4 20. Ne4 Qg7 21. Bxh6 Qxh6 22. Rb3 Bxh3 23. Rxb7 Rf7 24. Rf1 Bxg2 25. Kxg2 a6 26. Rh1 Qf8 27. Ng5 Rfe7 28. Ne6 Qf7 29. Ra7 Rb8 30. b4 e4 31. fxe4 Qf6 32. Rf1 Qb2 33. Qxb2 Nxb2 34. Rc1 Rb6 35. Ra8+ {Source: C P Ravilious (Brian Denman Collection)} 1-0

[Event "Hastings Xmas C 1991/92"]
[Site "Hastings"]
[Date "1991.12.30"]
[Round "3"]
[White "Bryant, Marc A"]
[Black "Ravilious, Chris P"]
[Result "1/2-1/2"]
[WhiteElo "1656"]
[BlackElo "1672"]
[PlyCount "100"]
[EventDate "1991.12.28"]
[EventType "swiss"]
[EventRounds "5"]
[EventCountry "ENG"]
[SourceTitle "Denman Collection"]
[Source "Brian Denman"]
[SourceDate "2023.11.29"]
[SourceVersion "1"]
[SourceVersionDate "2023.11.29"]
[SourceQuality "1"]

1. g4 d5 2. Bg2 Bxg4 3. c4 c6 4. cxd5 cxd5 5. Qb3 Qc8 6. Nc3 Nc6 7. Bxd5 e6 8. Bg2 Nf6 9. d3 Bc5 10. Bg5 Qd7 11. Bxf6 gxf6 12. Rc1 Rc8 13. Na4 Be7 14. h3 Bh5 15. Qb5 Bg6 16. Nf3 O-O 17. Kd2 Rc7 18. h4 Rfc8 19. h5 Bf5 20. Rhg1 Kh8 21. e4 Bxe4 22. h6 Bg6 23. Nc5 Bxc5 24. Rxc5 Rd8 25. Rc3 Qd6 26. Qc4 Rcd7 27. Bf1 Qd5 28. Qf4 Qf5 29. Qxf5 Bxf5 30. a3 Be4 31. Rg3 Rg8 32. Bg2 Rdd8 33. Kc2 Bxf3 34. Bxf3 Rxg3 35. fxg3 Nd4+ 36. Kb1 Nxf3 37. Rc7 Ng5 38. Rxb7 Ra8 39. Kc2 Kg8 40. Kc3 Kf8 41. Kc4 Ke8 42. Kc5 Kd8 43. Kd6 a5 44. Rd7+ Kc8 45. Ke7 Ra6 46. Rd8+ Kc7 47. Rd7+ Kc8 48. b3 e5 49. Rd8+ Kc7 50. Rd7+ Kc8 {Source: C P Ravilious (Brian Denman Collection)} 1/2-1/2